000 00889nam2a22002531 4500
001 rc\4123274
005 20250611101123.0
021 _aRU
_b[54-18618]
035 _a(NLR Aleph) 008153265
090 _a7783390
_c7783390
100 _a20130415d1954 |||y0rusy50 ca
101 0 _arus
102 _aRU
105 _aab z |||||
200 0 _a[Ч. 1]
_eДля 8 класса
205 _a13-е изд., перераб.
210 _d1954
_aБ. м.
215 _a192 с., 9 отд. л. карт.
_cил.
461 0 _1001rc\4123273
_12001#$aНовая история$eУчебник для сред. школы$e[Ч. 1]-$v[Ч. 1]
_97783388
_cМосква
_d1954
_nУчпедгиз
_oУчебник для сред. школы : [Ч. 1]-
_tНовая история
_v[Ч. 1]
801 0 _aRU
_bNLR
_gpsbo
801 1 _aRU
_bELAR
_2rusmarc
852 _aNLR
_jИ24 Г-5/150
942 _cBOOK
980 _aNB